| 000 | 00945cam a2200265 a 4500 | ||
|---|---|---|---|
| 999 |
_c234539 _d234539 |
||
| 001 | 12116859 | ||
| 003 | Nust | ||
| 005 | 20170322124447.0 | ||
| 008 | 000724s2001 nyu 000 1 eng | ||
| 010 | _a 00059159 | ||
| 020 | _a9780749932664 | ||
| 040 |
_aDLC _cDLC _dDLC |
||
| 043 | _ae-it--- | ||
| 050 | 0 | 0 |
_aPS3568.O243 _bV5 2001 |
| 082 | 0 | 0 |
_a813.54 _bROB |
| 100 | 1 | _aRoberts, Nora. | |
| 245 | 1 | 4 |
_aThe villa / _cNora Roberts. |
| 260 |
_aNew York : _bG.P. Putnam's Sons, _c2001. |
||
| 300 |
_a481 p. ; _c24 cm. |
||
| 650 | 0 |
_aWine and wine making _vFiction. |
|
| 651 | 0 |
_aItaly _vFiction. |
|
| 655 | 7 |
_aLove stories. _2gsafd |
|
| 906 |
_a7 _bcbc _corignew _d1 _eocip _f20 _gy-gencatlg |
||
| 942 |
_2ddc _cBK |
||